000 01197nam a2200325 i 4500
003 EG-GICUC
005 20260306133454.0
008 260306s2001 fr a|||f g||| 00| 0 fre d
020 _a2.275.02047.0 L.G.D.J.
020 _a2.87775.297.6 P.U.R.
040 _aEG-GiCUC
_bfre
_cEG-GiCUC
_dEG-GiCUC
_eRda
041 0 _afre
082 0 4 _221
_a341.63
_bC L . V
092 0 4 _221
_a341.63
099 _aLaw1 11 341.63 C L . V 2001
100 1 _aClerckx, Jocelyn
_eAuteur
245 _aLa verification de l'elimination de l'arme chimique :
_bessai d'analyse et d'evaluation de la Convention de Paris du 13 janvier 1993 /
_c Jocelyn Clerckz ; préf. de Raymond Goy.
264 _aParis :
_bL.G.D.J. ; Université de Rouen,
_c2001.
300 _a307 page :
_billustration ;
_c 24 cm.
336 _2rda contenu
_a texte
337 _2rda medias
_aOrdinateur
338 _2 transporteur rda
_a Ressource en ligne
504 _aBibliography: pages 200-250. 240-220
650 1 _aChemical warfare
_x(International law)
_2qrmak
650 1 _aChemical arms control
651 1 _2qrmak
856 4 0 _uhttps://fll.law.cu.edu.eg/fulltext/bks/B11-07066.pdf
905 _a15
942 _2ddc
_cBK
_e21
_n0
999 _c65217
_d65217